000
00306nam a22001337a 4500
041
_a
ENG
100
_a
Horner.S
245
_a
Dictionary of Mechanical Engineering Terms
260
_a
New Delhi
_b
Oxford IBH
_c
1999
300
_a
422
650
_a
M.Tech ( 7 )
700
_a
Grahame ,W
856
_u
M.Tech ( 7 )
999
_c
1070
_d
1070